Dictionary of fungus diseases of plants (Record no. 396072)

MARC details
000 -LEADER
fixed length control field 00529 a2200205 4500
005 - DATE & TIME
control field 20260421153827.0
008 - FIXED-LENGTH DATA ELEMENTS--GENERAL INFORMATION
fixed length control field 260421b |||||||| |||| 00| 0 eng d
020 ## - ISBN
International Standard Book Number 8171693008
Price Rs. 4000.00
040 ## - CATALOGING SOURCE
Original cataloging agency VIVEKANANDA LIBRARY
082 ## - DDC NUMBER
Classification number 632.4
Book Number B791D
100 ## - MAIN ENTRY--PERSONAL NAME
Personal name Brooks, F T
245 ## - TITLE STATEMENT
Title Dictionary of fungus diseases of plants
260 ## - PUBLICATION, DISTRIBUTION, ETC. (IMPRINT)
Name of publisher, distributor, etc Commonwealth Publishers
Date of publication, distribution, etc 2025
Place of publication, distribution, etc New Delhi
300 ## - PHYSICAL DESCRIPTION
Pages vi, 652
650 ## - Subject
Subject Agriculture
650 ## - Subject
Subject Plant Diseases
650 ## - Subject
Subject Fungal Diseases
700 ## - Added Entry Personal Name
Added Entry Personal Name Smith, M
942 ## - ADDED ENTRY ELEMENTS (KOHA)
Koha item type Books
Holdings
Withdrawn status Lost status Source of classification or shelving scheme Damaged status Not for loan Location (home branch) Sublocation or collection (holding branch) Shelving location Date acquired Koha issues (times borrowed) Koha full call number Accession No. Koha date last seen Koha item type
    Dewey Decimal Classification     VIVEKANANDA LIBRARY VIVEKANANDA LIBRARY Vivekananda Library 02/02/2026   632.4 B791D 438005 02/02/2026 Books
© Designed and Maintained by Vivekananda Library, MDU Rohtak